[Event "Olomouc Chess Summer 2018 - GM"]
[Site "Olomouc (CZE)"]
[Date "2018.08.11"]
[Round "1.1"]
[White "Cernousek, Lukas"]
[Black "Szotkowski, Jakub"]
[Result "1/2-1/2"]
[WhiteElo "2428"]
[BlackElo "2330"]
[PlyCount "72"]
[EventDate "2018.??.??"]

1. e4 c6 2. d4 d5 3. e5 Bf5 4. Nf3 e6 5. Be2 Nd7 6. O-O Ne7 7. Nh4 Bg6 8. Nd2
Nf5 9. Nxg6 hxg6 10. Nf3 Be7 11. g3 a6 12. h4 c5 13. c3 cxd4 14. cxd4 Qb6 15.
Rb1 Rc8 16. Bf4 Nb8 17. Qd3 Nc6 18. Rfd1 Na5 19. b4 Nc4 20. Rb3 Qc6 21. Kg2 b5
22. Rh1 Kd7 23. Rbb1 Nb6 24. g4 Nxh4+ 25. Nxh4 g5 26. Ng6 fxg6 27. Be3 Nc4 28.
Rxh8 Rxh8 29. Qxg6 Nxe3+ 30. fxe3 Qc3 31. Qd3 Rc8 32. Kf3 Qxd3 33. Bxd3 Rc3 34.
Ke2 Ra3 35. Rb2 Ra4 36. Bc2 Ra3 1/2-1/2

[Event "Olomouc Chess Summer 2018 - GM"]
[Site "Olomouc (CZE)"]
[Date "2018.08.11"]
[Round "1.2"]
[White "Neuman, Petr"]
[Black "Biolek-Jun., Richard"]
[Result "1/2-1/2"]
[WhiteElo "2446"]
[BlackElo "2458"]
[PlyCount "36"]
[EventDate "2018.??.??"]

1. c4 Nf6 2. Nc3 g6 3. e4 d6 4. d4 Bg7 5. f3 O-O 6. Be3 c5 7. dxc5 dxc5 8. Qxd8
Rxd8 9. Bxc5 Nc6 10. Ba3 b6 11. Rd1 Bb7 12. Nge2 a5 13. Nc1 Nb4 14. Bd3 Bh6 15.
N3e2 Be3 16. b3 Nd7 17. Bb1 Nc5 18. Nc3 e6 1/2-1/2

[Event "Olomouc Chess Summer 2018 - GM"]
[Site "Olomouc (CZE)"]
[Date "2018.08.11"]
[Round "1.3"]
[White "Luch, Michal"]
[Black "Brhel, Jan"]
[Result "0-1"]
[WhiteElo "2394"]
[BlackElo "2092"]
[PlyCount "64"]
[EventDate "2018.??.??"]

1. c4 e6 2. Nc3 d5 3. d4 Nf6 4. cxd5 exd5 5. Bg5 Be7 6. e3 O-O 7. Bd3 c6 8. Qc2
Nbd7 9. Nge2 Re8 10. O-O Nf8 11. f3 g6 12. Rad1 Ne6 13. Bh4 b5 14. Kh1 Bb7 15.
Bf2 a6 16. e4 Rc8 17. e5 Nh5 18. Qd2 Bg5 19. Be3 Bxe3 20. Qxe3 c5 21. f4 Qh4
22. Bb1 f6 23. dxc5 d4 24. Nxd4 Nexf4 25. c6 Rxc6 26. Nxc6 Bxc6 27. Be4 Rxe5
28. Rd8+ Kg7 29. Qa7+ Kh6 30. Qe3 Bxe4 31. Nxe4 Rxe4 32. Qf3 Ne2 0-1

[Event "Olomouc Chess Summer 2018 - GM"]
[Site "Olomouc (CZE)"]
[Date "2018.08.11"]
[Round "1.4"]
[White "Menezes, Christoph"]
[Black "Petr, Martin"]
[Result "1-0"]
[WhiteElo "2415"]
[BlackElo "2435"]
[PlyCount "75"]
[EventDate "2018.??.??"]

1. Nf3 c5 2. c4 Nc6 3. Nc3 e5 4. e3 Nf6 5. d4 d6 6. dxe5 dxe5 7. Qxd8+ Kxd8 8.
Bd3 Bd6 9. O-O Ke7 10. b3 Rd8 11. Bb2 Bc7 12. Bb1 Bg4 13. Ng5 Rd2 14. Ba3 b6
15. Nge4 Rad8 16. Nxd2 Rxd2 17. f3 Be6 18. Rd1 Rxd1+ 19. Nxd1 Nb4 20. Nc3 e4
21. f4 Bf5 22. Nb5 Bb8 23. Bxb4 cxb4 24. a3 bxa3 25. Rxa3 a5 26. c5 bxc5 27.
Rxa5 Bg6 28. Nc3 Bd6 29. h3 c4 30. bxc4 Bb4 31. Ra7+ Kd6 32. Ne2 Bc5 33. Ra6+
Kc7 34. Kf2 Nd7 35. Nc3 f5 36. g4 Kb7 37. Ra5 Bb6 38. Rb5 1-0

[Event "Olomouc Chess Summer 2018 - GM"]
[Site "Olomouc (CZE)"]
[Date "2018.08.11"]
[Round "1.5"]
[White "Hrabusa, Matej"]
[Black "Simacek, Pavel"]
[Result "1/2-1/2"]
[WhiteElo "2392"]
[BlackElo "2505"]
[PlyCount "24"]
[EventDate "2018.??.??"]

1. e4 e5 2. Nf3 Nc6 3. Bc4 Be7 4. d4 d6 5. dxe5 dxe5 6. Qxd8+ Bxd8 7. Be3 Be6
8. Bb5 Bd7 9. Nc3 Nf6 10. h3 a6 11. Bxc6 Bxc6 12. Nxe5 Bxe4 1/2-1/2

[Event "Olomouc Chess Summer 2018 - GM"]
[Site "Olomouc (CZE)"]
[Date "2018.08.12"]
[Round "2.1"]
[White "Szotkowski, Jakub"]
[Black "Simacek, Pavel"]
[Result "1/2-1/2"]
[WhiteElo "2330"]
[BlackElo "2505"]
[PlyCount "28"]
[EventDate "2018.??.??"]

1. Nf3 d6 2. d4 g6 3. g3 Bg7 4. Bg2 f5 5. O-O Nf6 6. b3 O-O 7. Bb2 c6 8. Nbd2
a5 9. Ne1 a4 10. c4 e5 11. dxe5 Nfd7 12. Nd3 Nxe5 13. Qc2 Be6 14. Nf3 Nbd7
1/2-1/2

[Event "Olomouc Chess Summer 2018 - GM"]
[Site "Olomouc (CZE)"]
[Date "2018.08.12"]
[Round "2.2"]
[White "Petr, Martin"]
[Black "Hrabusa, Matej"]
[Result "1/2-1/2"]
[WhiteElo "2435"]
[BlackElo "2392"]
[PlyCount "108"]
[EventDate "2018.??.??"]

1. e4 e6 2. d4 d5 3. Nc3 Bb4 4. e5 c5 5. a3 Bxc3+ 6. bxc3 Qc7 7. Qg4 f5 8. Qh5+
g6 9. Qd1 b6 10. Nf3 h6 11. c4 Ne7 12. cxd5 Nxd5 13. dxc5 Qxc5 14. c4 Ne7 15.
Be2 Kf7 16. O-O Na6 17. a4 Bb7 18. Ba3 Qc6 19. Bd6 Rad8 20. Qd4 Nc5 21. Rfb1
Ne4 22. a5 Nc8 23. axb6 axb6 24. Qe3 Kg7 25. c5 Nxc5 26. Bb5 Qd5 27. Bc7 Rdf8
28. Rd1 Qb3 29. Qxb3 Nxb3 30. Nd4 Nxd4 31. Rxd4 Bd5 32. Bc4 Bxc4 33. Rxc4 Rf7
34. Rd1 Ne7 35. Bxb6 Nd5 36. Rc6 Re8 37. g3 Rd7 38. Be3 Ree7 39. Bc5 Rc7 40.
Rxc7 Rxc7 41. Bd6 Rb7 42. Rc1 f4 43. Kg2 Rb3 44. g4 f3+ 45. Kg3 Nc3 46. Rc2
Ne2+ 47. Kh3 g5 48. Rc7+ Kg8 49. Rc8+ Kf7 50. Rf8+ Kg7 51. Rf6 Ng1+ 52. Kg3
Ne2+ 53. Kh3 Nf4+ 54. Kg3 Ne2+ 1/2-1/2

[Event "Olomouc Chess Summer 2018 - GM"]
[Site "Olomouc (CZE)"]
[Date "2018.08.12"]
[Round "2.3"]
[White "Brhel, Jan"]
[Black "Menezes, Christoph"]
[Result "0-1"]
[WhiteElo "2092"]
[BlackElo "2415"]
[PlyCount "54"]
[EventDate "2018.??.??"]

1. d4 Nf6 2. c4 e6 3. Nc3 Bb4 4. Qc2 b6 5. f3 c5 6. d5 O-O 7. e4 Qe7 8. Kf2 Re8
9. Bd2 d6 10. Bd3 Nbd7 11. Nge2 a6 12. h4 b5 13. b3 Ne5 14. Nf4 Rb8 15. Be2 h5
16. Rag1 bxc4 17. bxc4 Bd7 18. Nd3 Nxc4 19. Bg5 Ba5 20. Nf4 Rb2 21. Qc1 exd5
22. Nxh5 Bxc3 23. Qxc3 d4 24. Qc1 Nxe4+ 25. fxe4 Qxe4 26. Qxc4 Rxe2+ 27. Kg3
Qg4+ 0-1

[Event "Olomouc Chess Summer 2018 - GM"]
[Site "Olomouc (CZE)"]
[Date "2018.08.12"]
[Round "2.4"]
[White "Biolek-Jun., Richard"]
[Black "Luch, Michal"]
[Result "1-0"]
[WhiteElo "2458"]
[BlackElo "2394"]
[PlyCount "103"]
[EventDate "2018.??.??"]

1. e4 e6 2. d4 d5 3. Nc3 Bb4 4. Nge2 dxe4 5. a3 Be7 6. Nxe4 Nf6 7. Nxf6+ Bxf6
8. Be3 O-O 9. Qd3 e5 10. O-O-O Nc6 11. d5 Ne7 12. Ng3 Ng6 13. Ne4 Be7 14. f3 b6
15. g3 f5 16. d6 cxd6 17. Qd5+ Kh8 18. Qxa8 fxe4 19. Qxe4 Qc7 20. Qc4 Qb8 21.
Be2 Bb7 22. Qb3 Bf6 23. Rhf1 Ne7 24. f4 e4 25. g4 g6 26. c4 Qc7 27. Kb1 Nc6 28.
Rd2 Na5 29. Qb4 Rd8 30. Rfd1 Nc6 31. Qa4 Qe7 32. g5 Bg7 33. h4 Qe6 34. Rh1 Na5
35. h5 gxh5 36. Rf1 Qh3 37. Bd4 Bxd4 38. Rxd4 Qe3 39. Rxd6 Rxd6 40. Qe8+ Kg7
41. Qe7+ Kg8 42. Qe8+ Kg7 43. Qe7+ Kg8 44. Qxd6 Qxe2 45. Rd1 Qxb2+ 46. Kxb2
Nxc4+ 47. Kc3 Nxd6 48. Rxd6 Ba6 49. Kd4 Bd3 50. Ke5 Kf7 51. f5 h4 52. Rd7+ 1-0

[Event "Olomouc Chess Summer 2018 - GM"]
[Site "Olomouc (CZE)"]
[Date "2018.08.12"]
[Round "2.5"]
[White "Cernousek, Lukas"]
[Black "Neuman, Petr"]
[Result "1-0"]
[WhiteElo "2428"]
[BlackElo "2446"]
[PlyCount "47"]
[EventDate "2018.??.??"]

1. d4 d5 2. c4 c6 3. cxd5 cxd5 4. Nf3 Nf6 5. Nc3 Nc6 6. Bf4 a6 7. Rc1 Qb6 8. e3
Qxb2 9. Bd3 e6 10. O-O Ba3 11. Rc2 Qb6 12. Na4 Qa5 13. Rxc6 bxc6 14. Qb3 c5 15.
Qxa3 Bd7 16. Bc2 Rc8 17. dxc5 Ne4 18. Qb2 O-O 19. Nb6 Bb5 20. Nxc8 Bxf1 21. Qb6
Qc3 22. Ne7+ Kh8 23. Bxe4 dxe4 24. Ne5 1-0

[Event "Olomouc Chess Summer 2018 - GM"]
[Site "Olomouc (CZE)"]
[Date "2018.08.12"]
[Round "3.1"]
[White "Neuman, Petr"]
[Black "Szotkowski, Jakub"]
[Result "0-1"]
[WhiteElo "2446"]
[BlackElo "2330"]
[PlyCount "96"]
[EventDate "2018.??.??"]

1. e4 c6 2. Nf3 d5 3. Nc3 Bg4 4. h3 Bxf3 5. Qxf3 e6 6. d3 Nd7 7. Bd2 Ngf6 8. g4
Bd6 9. g5 dxe4 10. dxe4 Ne5 11. Qe2 Nfd7 12. O-O-O Ng6 13. Be3 Qc7 14. h4 Nb6
15. h5 Ne5 16. b3 O-O-O 17. f4 Ba3+ 18. Kb1 Rxd1+ 19. Nxd1 Ned7 20. Bh3 Rd8 21.
Nb2 Nc5 22. Bc1 Rd4 23. Bg2 Qd8 24. Bf3 a5 25. c3 Rd7 26. Be3 Bxb2 27. Qxb2 Nd3
28. Qa3 a4 29. g6 hxg6 30. hxg6 f5 31. e5 Kb8 32. Kc2 c5 33. Kb1 c4 34. Ka1
cxb3 35. axb3 Qc7 36. Rh8+ Nc8 37. b4 b5 38. Rh2 Ne1 39. Bh5 Rd3 40. Qc1 Qxc3+
41. Qxc3 Rxc3 42. Bc5 Nd3 43. Bf8 Nb6 44. Bxg7 Nd5 45. Rh1 N5xb4 46. Bf8 Ra3+
47. Kb1 Rb3+ 48. Ka1 Nc2+ 0-1

[Event "Olomouc Chess Summer 2018 - GM"]
[Site "Olomouc (CZE)"]
[Date "2018.08.12"]
[Round "3.4"]
[White "Hrabusa, Matej"]
[Black "Brhel, Jan"]
[Result "1-0"]
[WhiteElo "2392"]
[BlackElo "2092"]
[PlyCount "49"]
[EventDate "2018.??.??"]

1. d4 d5 2. Bf4 Nf6 3. e3 c5 4. c3 Nc6 5. Nd2 e6 6. Ngf3 cxd4 7. exd4 Nh5 8.
Be3 Bd6 9. Bb5 Nf4 10. O-O O-O 11. Re1 Ng6 12. Bd3 Nce7 13. Nf1 h6 14. Ng3 Bd7
15. Bd2 Qc7 16. Qe2 Nf4 17. Bxf4 Bxf4 18. Nh5 Bd6 19. Ne5 Nc6 20. Qg4 Bxe5 21.
Rxe5 g5 22. Rxg5+ Kh8 23. Rg7 f5 24. Rh7+ Kxh7 25. Qg7# 1-0

[Event "Olomouc Chess Summer 2018 - GM"]
[Site "Olomouc (CZE)"]
[Date "2018.08.12"]
[Round "3.5"]
[White "Simacek, Pavel"]
[Black "Petr, Martin"]
[Result "1/2-1/2"]
[WhiteElo "2505"]
[BlackElo "2435"]
[PlyCount "82"]
[EventDate "2018.??.??"]

1. c4 e5 2. Nc3 f5 3. g3 d6 4. Bg2 Nf6 5. e3 Be7 6. Nge2 O-O 7. O-O c6 8. d3
Be6 9. f4 Nbd7 10. Kh1 Qe8 11. b3 Qh5 12. Bf3 Ng4 13. Bxg4 Qxg4 14. Ba3 exf4
15. Nd4 Qxd1 16. Raxd1 Rf6 17. Rxf4 Nc5 18. b4 Nd7 19. b5 c5 20. Nxe6 Rxe6 21.
Rxf5 Rxe3 22. Bc1 Re6 23. Nd5 Rf8 24. Rxf8+ Bxf8 25. Be3 Nb6 26. Nxb6 axb6 27.
Re1 Kf7 28. Kg2 Re8 29. a4 Be7 30. Bd2 Ra8 31. Ra1 Bf6 32. Ra2 Ke6 33. Kf3 Be5
34. a5 bxa5 35. Rxa5 Rxa5 36. Bxa5 d5 37. Bd2 h5 38. Bf4 Bf6 39. g4 hxg4+ 40.
Kxg4 dxc4 41. dxc4 g6 1/2-1/2

[Event "Olomouc Chess Summer 2018 - GM"]
[Site "Olomouc (CZE)"]
[Date "2018.08.13"]
[Round "4.1"]
[White "Szotkowski, Jakub"]
[Black "Petr, Martin"]
[Result "0-1"]
[WhiteElo "2330"]
[BlackElo "2435"]
[PlyCount "116"]
[EventDate "2018.??.??"]

1. d4 Nf6 2. c4 g6 3. g3 d5 4. cxd5 Nxd5 5. Bg2 Bg7 6. Nf3 Nb6 7. Nc3 Nc6 8. e3
e5 9. d5 Ne7 10. e4 Bg4 11. O-O c6 12. Qb3 cxd5 13. exd5 O-O 14. Bg5 h6 15. Qb4
hxg5 16. Qxg4 f6 17. Qe6+ Rf7 18. Rfd1 Nf5 19. Ne4 Qd7 20. g4 Nh6 21. h3 Re8
22. Qxd7 Rxd7 23. Nc5 Rxd5 24. Nxb7 e4 25. Rxd5 Nxd5 26. Bf1 Kh7 27. Rd1 Nf4
28. Nd4 f5 29. gxf5 gxf5 30. Nc2 Re7 31. Nd6 Bxb2 32. Ne3 Kg6 33. Ndc4 Bf6 34.
Rd6 Nf7 35. Ra6 Rb7 36. Kh2 Rd7 37. Ra5 Nh6 38. Ra6 Re7 39. a4 Nf7 40. Rc6 Re6
41. Rc7 Re7 42. Rc6 Ne5 43. Nxe5+ Rxe5 44. Bc4 Re7 45. Kg3 Rh7 46. Bf1 Rd7 47.
Ba6 Rd2 48. Bc8 Nh5+ 49. Kg2 f4 50. Bf5+ Kg7 51. Ng4 f3+ 52. Kg1 Rd1+ 53. Kh2
e3 54. fxe3 Rd2+ 55. Kg1 Rg2+ 56. Kf1 Ng3+ 57. Ke1 Nxf5 58. Rxf6 Re2+ 0-1

[Event "Olomouc Chess Summer 2018 - GM"]
[Site "Olomouc (CZE)"]
[Date "2018.08.13"]
[Round "4.2"]
[White "Brhel, Jan"]
[Black "Simacek, Pavel"]
[Result "0-1"]
[WhiteElo "2092"]
[BlackElo "2505"]
[PlyCount "118"]
[EventDate "2018.??.??"]

1. d4 Nf6 2. c4 c5 3. d5 e6 4. Nc3 exd5 5. cxd5 d6 6. Nf3 g6 7. Bf4 a6 8. a4
Bg7 9. h3 O-O 10. Nd2 Re8 11. e3 Bf8 12. Nc4 Qc7 13. a5 Nbd7 14. Na4 Rb8 15.
Be2 Ne5 16. Bxe5 dxe5 17. Nab6 Rd8 18. Nxc8 Nxd5 19. N8d6 Nb4 20. Nxe5 Qxd6 21.
Nf3 Bg7 22. Qxd6 Nc2+ 23. Kf1 Rxd6 24. Rc1 Nb4 25. b3 Rc8 26. Ng5 Rd2 27. Ne4
Ra2 28. Nd6 Rd8 29. Nc4 Nc6 30. Bf3 Rd3 31. Bxc6 bxc6 32. Rb1 Rc3 33. g3 Rcc2
34. Rh2 Kf8 35. Rd1 Ke7 36. Nb6 Be5 37. Rg2 Bc7 38. Kg1 Ke6 39. Nc4 Rc3 40. f4
Rxg2+ 41. Kxg2 Rxb3 42. e4 Rc3 43. Nb6 Bxb6 44. axb6 Rb3 45. Rc1 Rxb6 46. Rxc5
Kd6 47. Rc3 a5 48. Rd3+ Kc5 49. Rd7 Ra6 50. Rxf7 a4 51. Rb7 a3 52. Rb1 a2 53.
Ra1 Kd4 54. e5 Kc3 55. g4 Kb2 56. Re1 a1=Q 57. Rxa1 Rxa1 58. f5 gxf5 59. gxf5
Ra5 0-1

[Event "Olomouc Chess Summer 2018 - GM"]
[Site "Olomouc (CZE)"]
[Date "2018.08.13"]
[Round "4.3"]
[White "Biolek-Jun., Richard"]
[Black "Hrabusa, Matej"]
[Result "1/2-1/2"]
[WhiteElo "2458"]
[BlackElo "2392"]
[PlyCount "41"]
[EventDate "2018.??.??"]

1. e4 e6 2. d4 d5 3. Nc3 Bb4 4. exd5 exd5 5. Bd3 Nc6 6. Nge2 Nge7 7. O-O Bf5 8.
a3 Bxc3 9. bxc3 O-O 10. Rb1 b6 11. c4 dxc4 12. Bxc4 Na5 13. Bd3 Qd7 14. Rb5 c6
15. Re5 Bxd3 16. Qxd3 Ng6 17. Rh5 Rfe8 18. Nf4 Rad8 19. Nxg6 fxg6 20. Rh4 Qf5
21. Qa6 1/2-1/2

[Event "Olomouc Chess Summer 2018 - GM"]
[Site "Olomouc (CZE)"]
[Date "2018.08.13"]
[Round "4.4"]
[White "Cernousek, Lukas"]
[Black "Menezes, Christoph"]
[Result "1/2-1/2"]
[WhiteElo "2428"]
[BlackElo "2415"]
[PlyCount "83"]
[EventDate "2018.??.??"]

1. e4 e5 2. Nf3 Nc6 3. Bb5 Nf6 4. O-O Nxe4 5. Re1 Nd6 6. Nxe5 Be7 7. Bf1 Nxe5
8. Rxe5 O-O 9. Nc3 Ne8 10. Nd5 Bd6 11. Re1 c6 12. Ne3 Be7 13. Nf5 Bf6 14. Qe2
d5 15. Ne7+ Kh8 16. Nxc8 Rxc8 17. Qg4 Nd6 18. d4 Qb6 19. c3 Rce8 20. Bf4 Qd8
21. h4 Be7 22. h5 Ne4 23. f3 Nf6 24. Qh3 Bd6 25. Bg5 h6 26. Bh4 Qc8 27. Qxc8
Rxc8 28. g4 Rce8 29. Bd3 Bf4 30. Kf2 Kg8 31. Rxe8 Rxe8 32. Re1 Kf8 33. Rxe8+
Nxe8 34. Ke2 Nd6 35. Bd8 Ke8 36. Bc7 Kd7 37. Bb8 a5 38. a4 Kc8 39. Ba7 Kc7 40.
Bc5 Bc1 41. b3 b6 42. Bxd6+ 1/2-1/2

[Event "Olomouc Chess Summer 2018 - GM"]
[Site "Olomouc (CZE)"]
[Date "2018.08.14"]
[Round "5.1"]
[White "Luch, Michal"]
[Black "Szotkowski, Jakub"]
[Result "0-1"]
[WhiteElo "2394"]
[BlackElo "2330"]
[PlyCount "70"]
[EventDate "2018.??.??"]

1. e4 c6 2. d4 d5 3. e5 Bf5 4. h4 h5 5. c4 e6 6. Nc3 Ne7 7. Nge2 dxc4 8. Ng3
Nd7 9. Bxc4 Nb6 10. Be2 Nbd5 11. Bg5 Qb6 12. Nxd5 Nxd5 13. Nxf5 Bb4+ 14. Kf1
exf5 15. Bc4 Be7 16. Bxd5 Qb5+ 17. Kg1 Qxd5 18. Bxe7 Kxe7 19. Qd2 Rh6 20. Qb4+
c5 21. dxc5 Rg6 22. Rh2 Rg4 23. Qc3 Kf8 24. Rc1 Rd8 25. f3 Rd4 26. c6 Rd1+ 27.
Rxd1 Qxd1+ 28. Kf2 bxc6 29. Kg3 Kg8 30. Kh3 f4 31. Qc4 Rd4 32. Qxc6 g5 33. Qc8+
Rd8 34. Qf5 g4+ 35. fxg4 Rd3+ 0-1

[Event "Olomouc Chess Summer 2018 - GM"]
[Site "Olomouc (CZE)"]
[Date "2018.08.14"]
[Round "5.2"]
[White "Menezes, Christoph"]
[Black "Neuman, Petr"]
[Result "1/2-1/2"]
[WhiteElo "2415"]
[BlackElo "2446"]
[PlyCount "41"]
[EventDate "2018.??.??"]

1. d4 d5 2. c4 c6 3. Nf3 Nf6 4. Nc3 dxc4 5. a4 Bf5 6. e3 e6 7. Bxc4 Bb4 8. O-O
Nbd7 9. Nh4 Bg6 10. h3 Bh5 11. Qb3 a5 12. f4 O-O 13. Qc2 c5 14. dxc5 Rc8 15. b3
Rxc5 16. Na2 Nb6 17. Nxb4 axb4 18. Bd2 Nxc4 19. Bxb4 Rc6 20. bxc4 Re8 21. g4
1/2-1/2

[Event "Olomouc Chess Summer 2018 - GM"]
[Site "Olomouc (CZE)"]
[Date "2018.08.14"]
[Round "5.3"]
[White "Hrabusa, Matej"]
[Black "Cernousek, Lukas"]
[Result "1/2-1/2"]
[WhiteElo "2392"]
[BlackElo "2428"]
[PlyCount "32"]
[EventDate "2018.??.??"]

1. d4 d5 2. Nf3 Nf6 3. Bg5 Ne4 4. Bh4 Qd6 5. Nfd2 Qh6 6. Nxe4 Qxh4 7. Ng3 c6 8.
e3 e5 9. Be2 Bd6 10. O-O O-O 11. Nd2 e4 12. c4 Nd7 13. f4 f5 14. cxd5 cxd5 15.
Qb3 Nf6 16. Nb1 g5 1/2-1/2

[Event "Olomouc Chess Summer 2018 - GM"]
[Site "Olomouc (CZE)"]
[Date "2018.08.14"]
[Round "5.4"]
[White "Simacek, Pavel"]
[Black "Biolek-Jun., Richard"]
[Result "1-0"]
[WhiteElo "2505"]
[BlackElo "2458"]
[PlyCount "79"]
[EventDate "2018.??.??"]

1. c4 Nf6 2. Nc3 g6 3. e4 d6 4. d4 Bg7 5. f4 O-O 6. Nf3 e5 7. fxe5 dxe5 8. d5
Qe7 9. Bd3 a5 10. O-O Na6 11. Qe1 Nh5 12. Kh1 Bd7 13. Be3 b6 14. Rd1 Nc5 15.
Bc2 Qd6 16. Qf2 Nf6 17. Qh4 Ng4 18. Bg5 f6 19. Bc1 g5 20. Qg3 Nh6 21. b3 Nf7
22. a3 Nd8 23. Nd2 Ndb7 24. Rf2 Na6 25. Nf1 Qe7 26. h4 h6 27. Ne3 Nd6 28. Rdf1
Rab8 29. hxg5 fxg5 30. Nf5 Bxf5 31. exf5 Bf6 32. Qh3 Kg7 33. Ne2 b5 34. Ng3
bxc4 35. bxc4 Rh8 36. Qh5 Qe8 37. Qg6+ Qxg6 38. fxg6 Be7 39. Nh5+ Kg8 40. g7
1-0

[Event "Olomouc Chess Summer 2018 - GM"]
[Site "Olomouc (CZE)"]
[Date "2018.08.14"]
[Round "5.5"]
[White "Petr, Martin"]
[Black "Brhel, Jan"]
[Result "1-0"]
[WhiteElo "2435"]
[BlackElo "2092"]
[PlyCount "61"]
[EventDate "2018.??.??"]

1. c4 Nf6 2. Nc3 e6 3. e4 d6 4. d4 Nbd7 5. f4 c5 6. d5 Be7 7. Nf3 e5 8. g3 exf4
9. gxf4 Ng4 10. h4 f5 11. exf5 O-O 12. Ng5 Nh6 13. Bd3 Bxg5 14. hxg5 Qe7+ 15.
Qe2 Qxe2+ 16. Kxe2 Nxf5 17. Bxf5 Rxf5 18. Ne4 Rf8 19. Nxd6 Rd8 20. Be3 b6 21.
Nxc8 Raxc8 22. Kd3 Nf8 23. Rae1 Ng6 24. Bd2 Rf8 25. Rhf1 Rf5 26. Re6 Rcf8 27.
Ke4 Rxg5 28. fxg5 Rxf1 29. d6 Rf7 30. Re8+ Nf8 31. g6 1-0

[Event "Olomouc Chess Summer 2018 - GM"]
[Site "Olomouc (CZE)"]
[Date "2018.08.15"]
[Round "6.1"]
[White "Szotkowski, Jakub"]
[Black "Brhel, Jan"]
[Result "1-0"]
[WhiteElo "2330"]
[BlackElo "2092"]
[PlyCount "55"]
[EventDate "2018.??.??"]

1. d4 Nf6 2. c4 e6 3. g3 d5 4. Bg2 dxc4 5. Nf3 a6 6. O-O b5 7. Ne5 Nd5 8. a4
Bb7 9. e4 Nf6 10. axb5 axb5 11. Rxa8 Bxa8 12. Nc3 c6 13. d5 Be7 14. dxe6 fxe6
15. Qe2 O-O 16. Bh3 Kh8 17. Bxe6 Qe8 18. Bf5 c5 19. Bf4 b4 20. Ra1 Nc6 21. Nb5
Nxe5 22. Nc7 Qc6 23. Bxe5 Bb7 24. Ne6 Rf7 25. Ng5 Rf8 26. Qxc4 Nd5 27. exd5 Qe8
28. Ne6 1-0

[Event "Olomouc Chess Summer 2018 - GM"]
[Site "Olomouc (CZE)"]
[Date "2018.08.15"]
[Round "6.2"]
[White "Biolek-Jun., Richard"]
[Black "Petr, Martin"]
[Result "1/2-1/2"]
[WhiteElo "2458"]
[BlackElo "2435"]
[PlyCount "78"]
[EventDate "2018.??.??"]

1. e4 c5 2. Nf3 Nc6 3. d4 cxd4 4. Nxd4 g6 5. Nc3 Bg7 6. Be3 Nf6 7. Bc4 O-O 8.
Bb3 d6 9. f3 Bd7 10. Qd2 Nxd4 11. Bxd4 b5 12. Nd5 Nxd5 13. Bxd5 Rc8 14. c3 a5
15. a3 e6 16. Bb3 Qh4+ 17. Bf2 Qe7 18. O-O a4 19. Ba2 Bc6 20. Bd4 Rfd8 21. Bxg7
Kxg7 22. Rad1 Rd7 23. Qd4+ Qf6 24. Rf2 Qxd4 25. Rxd4 Kf6 26. Rfd2 Ke7 27. Kf2
g5 28. Ke3 h5 29. g3 Rf8 30. Bb1 f6 31. Rb4 Rb7 32. Rbd4 Rd8 33. Ba2 Rbd7 34.
f4 Rb8 35. f5 e5 36. R4d3 Rb6 37. h3 Rd8 38. Rd1 Be8 39. R1d2 Rc8 1/2-1/2

[Event "Olomouc Chess Summer 2018 - GM"]
[Site "Olomouc (CZE)"]
[Date "2018.08.15"]
[Round "6.3"]
[White "Cernousek, Lukas"]
[Black "Simacek, Pavel"]
[Result "1/2-1/2"]
[WhiteElo "2428"]
[BlackElo "2505"]
[PlyCount "103"]
[EventDate "2018.??.??"]

1. d4 Nf6 2. c4 c5 3. d5 e6 4. Nc3 exd5 5. cxd5 d6 6. Nf3 g6 7. Nd2 Nbd7 8. e4
Bg7 9. Be2 O-O 10. O-O Re8 11. a4 Ne5 12. h3 g5 13. f4 gxf4 14. Rxf4 Ng6 15.
Rf2 Bh6 16. Nc4 Bxc1 17. Qxc1 Nxe4 18. Nxe4 Rxe4 19. Qh6 Qe7 20. Bd3 Rd4 21.
Re2 Qf8 22. Qxf8+ Nxf8 23. Nxd6 Rxd3 24. Re8 Rxd5 25. Nxc8 Kg7 26. Rf1 Ng6 27.
Nd6 Rxe8 28. Nxe8+ Kf8 29. Nf6 Rd4 30. Nxh7+ Kg7 31. Ng5 Rf4 32. g3 Rxf1+ 33.
Kxf1 Ne5 34. Ne4 Nd3 35. Nd6 Nxb2 36. Nxb7 Nxa4 37. Ke2 Kf6 38. Kd3 Ke5 39. h4
Nb2+ 40. Kc3 Nd1+ 41. Kc4 Ne3+ 42. Kxc5 Nf5 43. Nd8 f6 44. Nc6+ Ke4 45. h5 Nh6
46. Ne7 Kf3 47. Nd5 f5 48. Ne7 Kxg3 49. Nxf5+ Nxf5 50. Kb5 Kg4 51. Ka6 Kxh5 52.
Kxa7 1/2-1/2

[Event "Olomouc Chess Summer 2018 - GM"]
[Site "Olomouc (CZE)"]
[Date "2018.08.15"]
[Round "6.4"]
[White "Neuman, Petr"]
[Black "Hrabusa, Matej"]
[Result "1/2-1/2"]
[WhiteElo "2446"]
[BlackElo "2392"]
[PlyCount "124"]
[EventDate "2018.??.??"]

1. c4 e6 2. g3 d5 3. Nf3 Nf6 4. Bg2 c5 5. cxd5 exd5 6. d4 Nc6 7. O-O Be7 8. Nc3
O-O 9. dxc5 Bxc5 10. Na4 Be7 11. Be3 Re8 12. Rc1 Bf5 13. Nd4 Nxd4 14. Bxd4 Be4
15. f3 Bf5 16. Qd2 Qd6 17. Rfd1 Rad8 18. Nc3 Qb4 19. a3 Qb3 20. e3 b6 21. Bf1
Bc5 22. Nb5 Bd7 23. Rc3 Qa4 24. b3 Qa5 25. b4 Qa4 26. bxc5 Bxb5 27. cxb6 Bxf1
28. Rxf1 axb6 29. Bxb6 Rd6 30. Bd4 Nd7 31. Rb1 Rde6 32. Rb4 Qa5 33. Kf2 h5 34.
Qd3 h4 35. g4 Qd8 36. Rb5 Ne5 37. Bxe5 Rxe5 38. Qd4 Qf6 39. Rb6 Qd8 40. Rcb3
Qc7 41. Rc3 Qa7 42. Rb4 Qe7 43. a4 Re6 44. Rb2 Qd6 45. Kg1 Rf6 46. Rf2 Rb8 47.
Rc1 Rb4 48. Rc8+ Kh7 49. Qd3+ g6 50. g5 Rf5 51. f4 Rxa4 52. Rf1 d4 53. Rb1 Ra2
54. Rbb8 Rxg5+ 55. Kf1 Rgg2 56. Qc4 Rgf2+ 57. Kg1 Rg2+ 58. Kf1 Rgf2+ 59. Kg1
Qd7 60. Rh8+ Kg7 61. Rhg8+ Kh7 62. Rh8+ Kg7 1/2-1/2

[Event "Olomouc Chess Summer 2018 - GM"]
[Site "Olomouc (CZE)"]
[Date "2018.08.15"]
[Round "6.5"]
[White "Luch, Michal"]
[Black "Menezes, Christoph"]
[Result "1/2-1/2"]
[WhiteElo "2394"]
[BlackElo "2415"]
[PlyCount "47"]
[EventDate "2018.??.??"]

1. d4 Nf6 2. c4 g6 3. g3 Bg7 4. Bg2 O-O 5. Nc3 d6 6. Nf3 Nbd7 7. O-O e5 8. e4
c6 9. b3 Qb6 10. d5 Nc5 11. Be3 cxd5 12. Nxd5 Nxd5 13. Qxd5 Be6 14. Qd1 Rad8
15. Rb1 Qc7 16. Qc2 a5 17. Rbc1 Bd7 18. Nd2 f5 19. f3 f4 20. Bf2 Ne6 21. Qd3
Nc5 22. Qe2 Ne6 23. Qd3 Nc5 24. Qe2 1/2-1/2

[Event "Olomouc Chess Summer 2018 - GM"]
[Site "Olomouc (CZE)"]
[Date "2018.08.16"]
[Round "7.1"]
[White "Menezes, Christoph"]
[Black "Szotkowski, Jakub"]
[Result "1/2-1/2"]
[WhiteElo "2415"]
[BlackElo "2330"]
[PlyCount "112"]
[EventDate "2018.??.??"]

1. c4 Nf6 2. g3 c6 3. Bg2 d5 4. Nf3 Bf5 5. O-O e6 6. Qb3 Qb6 7. d3 Nbd7 8. Nc3
Be7 9. Be3 Qxb3 10. axb3 a6 11. h3 h6 12. Nd4 Bh7 13. Nc2 O-O 14. f4 Rac8 15.
Bf2 Rfd8 16. Rad1 Nc5 17. Nd4 a5 18. Ra1 b6 19. Nb1 Nfd7 20. Na3 Nb8 21. Rad1
Nba6 22. Nac2 f6 23. g4 Kh8 24. Rfe1 e5 25. fxe5 fxe5 26. Nf3 Bf6 27. Bg3 Re8
28. Nd2 e4 29. cxd5 cxd5 30. dxe4 Bxb2 31. Ne3 Bd4 32. Bf2 dxe4 33. Ndc4 Rcd8
34. Nf5 Bxf2+ 35. Kxf2 Rxd1 36. Rxd1 Rf8 37. Ke3 Bxf5 38. gxf5 Rxf5 39. Nxb6
Rg5 40. Bxe4 Nxe4 41. Kxe4 Nc5+ 42. Kf3 Rf5+ 43. Kg4 g6 44. Nc4 h5+ 45. Kg3
Ne4+ 46. Kg2 Rf2+ 47. Kg1 Rxe2 48. Nxa5 Re3 49. b4 Rxh3 50. b5 Rg3+ 51. Kh2 Rg5
52. b6 Rxa5 53. b7 Rb5 54. Rd8+ Kg7 55. b8=Q Rxb8 56. Rxb8 Kh6 1/2-1/2

[Event "Olomouc Chess Summer 2018 - GM"]
[Site "Olomouc (CZE)"]
[Date "2018.08.16"]
[Round "7.2"]
[White "Hrabusa, Matej"]
[Black "Luch, Michal"]
[Result "1/2-1/2"]
[WhiteElo "2392"]
[BlackElo "2394"]
[PlyCount "28"]
[EventDate "2018.??.??"]

1. d4 Nf6 2. Nf3 e6 3. Bf4 c5 4. e3 Qb6 5. Na3 cxd4 6. Nb5 Nd5 7. Qxd4 Qxd4 8.
Nfxd4 Nxf4 9. Nc7+ Kd8 10. Nxa8 Nd5 11. e4 Nb4 12. c3 N4c6 13. Nb5 b6 14. Nxa7
Nxa7 1/2-1/2